Tārīkh al-Masīḥīyah wa-al-rahbanah wa-ātharuhumā fī Ībārshīyat Asyūṭ

محفوظ في:

المؤلف الرئيسي: Ḥilmī, Midḥat.

مؤلفون آخرون: ʻAbduh, Lūqā [author] Ḥūmī, Yūsuf Tādrus [author] Sāwīrus, Ibrāhīm [reviewer] Ghālī, Wajdī Rizq [editor]

التنسيق: كتاب

اللغة: Undetermined

منشور في: [Cairo] Muʼassasat Sān Mārk li-Tawthīq al-Turāth 2021-

سلاسل: Silsilat tārīkh Ībārshīyāt Miṣr wa-ātharuhā al-Qibṭīyah ; 6.

الموضوعات:

الوسوم: إضافة وسم

لا توجد وسوم, كن أول من يضع وسما على هذه التسجيلة!

رقم الطلب: BX134.5 .A89 H55 v.1

LEADER 00996nam a2200217Ia 4500
008 231106s9999||||xx |||||||||||||| ||und||
020 |a 9789779083049 (volume1) 
050 4 |a BX134.5 .A89 H55 v.1 
100 1 |a Ḥilmī, Midḥat. 
245 1 0 |a Tārīkh al-Masīḥīyah wa-al-rahbanah wa-ātharuhumā fī Ībārshīyat Asyūṭ 
264 1 |a [Cairo]   |b Muʼassasat Sān Mārk li-Tawthīq al-Turāth  |c 2021- 
300 |a volume <1>   |c 20 cm. 
490 0 |a Silsilat tārīkh Ībārshīyāt Miṣr wa-ātharuhā al-Qibṭīyah ; 6. 
500 |a al-Ṭabʻah al-ūlá. 
504 |a Includes bibliographical references (pages 595-616). 
650 4 |a Coptic Church -- Egypt -- Asyūṭ -- History. 
650 4 |a Coptic monasticism and religious orders -- Egypt -- Asyūṭ. 
650 4 |a Ībārshīyat Asyūṭ (Egypt) -- History. 
700 1 |a ʻAbduh, Lūqā [author] Ḥūmī, Yūsuf Tādrus [author] Sāwīrus, Ibrāhīm [reviewer] Ghālī, Wajdī Rizq [editor]  
942 |2 lcc  |c BK 
999 |c 54958  |d 54958